000 00794nam a22002177a 4500
005 20240530110540.0
008 160507s2013 ua a g b 000 0aara d
017 _a2013/23653
_bمصر . دار الكتب المصرية
020 _a9789774486920
040 _aEG-CaGPL
082 0 4 _221
_a928.1\
_bأ أ
100 0 _aاسامة الالفى .
245 1 0 _aامل دنقل عابرا للاجيال /
_cاعداد و اشراف اسامة الالفى .
250 _aط1.
260 _aالقاهرة :
_bالهيئة المصرية العامة للكتاب ،
_c2014 .
300 _a256 ص ؛
_c24 سم .
504 _aيشتمل على ارجاعات ببليوجرافية
600 0 4 _aامل دنقل .
942 _2ddc
_cBK
999 _c62230
_d62230